Premier League Tots EAFC 25 - Statistiken

Allgemein
  • Dieses Quiz wurde 60 mal gespielt
  • Das Durchschnittsergebnis liegt bei 15 aus 22
Antwortstatistiken
Position Nationalität Bewertung Spieler % Korrekt
ST Norwegen 96 Erling Haaland
100%
RF Ägypten 97 Mohamed Salah
100%
IV Niederlande 97 Virgil Van Dijk
92%
ST Schweden 96 Alexander Isak
87%
RV England 94 Trent Alexander-Arnold
87%
ZOM Portugal 94 Bruno Fernandes
83%
ST Neuseeland 93 Chris Wood
77%
IV Frankreich 95 William Saliba
71%
ZDM Argentinien 94 Alexis Mac-Allister
69%
RF England 93 Bukayo Saka
69%
IV Brasilien 95 Gabriel
69%
ZOM England 95 Cole Palmer
67%
LM Japan 92 Kaoru Mitoma
67%
ZM England 96 Declan Rice
63%
LV Ungarn 94 Milos Kerkez
63%
LV USA 92 Antonee Robinson
62%
TW Belgien 94 Matz Sels
62%
ZDM Niederlande 95 Ryan Gravenberch
60%
ZOM Brasilien 94 Matheus Cunha
48%
IV Serbien 92 Nikola Milenkovic
38%
LV England 94 Myles Lewis-Skelly
25%
IV England 91 James Tarkowski
21%
Keine übereinstimmenden Quizze gefunden
Verteilung der Resultate
Anzahl Personen mit jedem Resultat
Perzentil nach korrekt beantworteten Fragen
Ihre Resultats-Entwicklung
Sie haben dieses Quiz noch nicht gespielt